[Event "Benidorm Bali op-B 20th"]
[Site "Benidorm"]
[Date "2023.12.03"]
[Round "3"]
[White "Bravo Plaza, Luis"]
[Black "Martin Ramos, Hector"]
[Result "1/2-1/2"]
[WhiteElo "1833"]
[BlackElo "1953"]
[PlyCount "129"]
[EventDate "2023.12.01"]
[EventType "swiss"]
[EventRounds "9"]
[EventCountry "ESP"]
[SourceTitle "CBM 217 Extra"]
[Source "ChessBase"]
[SourceDate "2024.01.31"]
[SourceVersion "1"]
[SourceVersionDate "2024.01.31"]
[SourceQuality "1"]

1. e4 c5 2. Nc3 a6 3. g3 b5 4. Bg2 Bb7 5. Nge2 Nf6 6. d3 e6 7. 0-0 d6 8. h3 Nbd7 9. f4 Nb6 10. b3 d5 11. e5 Nfd7 12. a4 b4 13. Nb1 a5 14. Nd2 Qc7 15. Bb2 0-0-0 16. c3 Ba6 17. cxb4 axb4 18. a5 Na8 19. Qc2 Kb8 20. Rfc1 Qb7 21. f5 Be7 22. Nf4 Nc7 23. Nc4 Qa7 24. Nd6 Nxe5 25. Bxe5 Bxd6 26. Bxd6 Rxd6 27. Kh2 e5 28. Ne2 Rc6 29. Qd2 f6 30. Ra2 Qb7 31. Qe3 Qb5 32. Rd2 Rd8 33. Bf1 d4 34. Qe4 Nd5 35. Bg2 Bb7 36. a6 Qxa6 37. Qh4 h6 38. Be4 Rc7 39. Rdc2 Nc3 40. Nxc3 dxc3 41. Qg4 Rd4 42. Qf3 Rcd7 43. Qe3 Bxe4 44. dxe4 Rd2+ 45. Rxd2 Rxd2+ 46. Kg1 Qa2 47. Qf3 Qb2 48. Qf1 Rg2+ 49. Kh1 Qe2 50. Qxg2 Qe3 51. Rc2 c4 52. Re2 Qd4 53. bxc4 b3 54. Qf3 Qd1+ 55. Kg2 Kc8 56. Qe3 b2 57. Qc5+ Kd8 58. Qf8+ Kc7 59. Qc5+ Kd7 60. Qb5+ Ke7 61. Rxb2 cxb2 62. Qxb2 Qd3 63. Qb7+ Kf8 64. Qa8+ Ke7 65. Qb7+ 1/2-1/2

[Event "ESP-ch U18 Rapid"]
[Site "Salobrena"]
[Date "2022.08.07"]
[Round "9"]
[White "Galvan Cipriani, Viviana"]
[Black "Martin Ramos, Hector"]
[Result "0-1"]
[WhiteElo "1914"]
[BlackElo "1614"]
[PlyCount "86"]
[EventDate "2022.08.06"]
[EventType "swiss (rapid)"]
[EventRounds "9"]
[EventCountry "ESP"]
[SourceTitle "EXT 2023"]
[Source "ChessBase"]
[SourceDate "2022.10.05"]
[SourceVersion "1"]
[SourceVersionDate "2022.10.05"]
[SourceQuality "1"]

1. c4 Nf6 2. Nc3 g6 3. g3 Bg7 4. Bg2 0-0 5. e4 d6 6. Nge2 c5 7. d3 Nc6 8. 0-0 Nd4 9. Nxd4 cxd4 10. Ne2 Nd7 11. Rb1 a5 12. f4 Nc5 13. b3 Re8 14. f5 e6 15. fxg6 fxg6 16. a3 Bd7 17. h4 Rf8 18. Bf4 e5 19. Bg5 Qc7 20. Qc2 Bg4 21. Kh2 h6 22. Bd2 Bxe2 23. Rxf8+ Rxf8 24. Bxa5 Qxa5 25. Qxe2 Qxa3 26. Qg4 Qa2 27. Rg1 Kh7 28. h5 g5 29. b4 Nxd3 30. Qd1 Nf2 31. Qb1 Qe2 32. Re1 Qxh5+ 33. Kg1 Nh3+ 34. Bxh3 Qxh3 35. Qd3 h5 36. c5 dxc5 37. bxc5 h4 38. Rf1 Rxf1+ 39. Qxf1 Qxf1+ 40. Kxf1 h3 41. Kg1 d3 42. Kh2 d2 43. Kxh3 d1Q 0-1

[Event "ESP-ch U16"]
[Site "Salobrena"]
[Date "2021.07.19"]
[Round "2"]
[White "Martin Ramos, Hector"]
[Black "Perez Bolanos, Joel"]
[Result "0-1"]
[WhiteElo "1778"]
[BlackElo "1976"]
[PlyCount "100"]
[EventDate "2021.07.19"]
[EventType "swiss"]
[EventRounds "9"]
[EventCountry "ESP"]
[SourceTitle "EXT 2022"]
[Source "ChessBase"]
[SourceDate "2021.10.06"]
[SourceVersion "1"]
[SourceVersionDate "2021.10.06"]
[SourceQuality "1"]

1. d4 Nf6 2. c4 g6 3. Nc3 d5 4. cxd5 Nxd5 5. e4 Nxc3 6. bxc3 Bg7 7. Bc4 c5 8. Ne2 Nc6 9. Be3 0-0 10. 0-0 b6 11. dxc5 Qc7 12. cxb6 axb6 13. Rb1 Rb8 14. Bb3 Ba6 15. Qc2 Ne5 16. Bf4 Rbc8 17. Rfd1 e6 18. Rbc1 Qb7 19. Bxe5 Bxe5 20. c4 Rfd8 21. f3 Rxd1+ 22. Qxd1 b5 23. c5 Qa7 24. f4 Rxc5 25. Rxc5 Qxc5+ 26. Kf1 Bc7 27. Qd4 Qc6 28. Qc3 Qxc3 29. Nxc3 b4+ 30. Ne2 Bxf4 31. g3 Be5 32. Kf2 Bd3 33. Ke3 Bb5 34. Nc1 Kf8 35. Nd3 Bc3 36. h3 Ke7 37. Bc2 Kd6 38. Bb3 h5 39. Bc2 Ke7 40. Bb3 Kf6 41. Bd1 Kg5 42. Bb3 h4 43. g4 Bxd3 44. Kxd3 Kf4 45. Ba4 g5 46. Be8 f6 47. Bd7 e5 48. Bf5 Kg3 49. Ke2 Kxh3 50. Kf1 Bd4 0-1

[Event "ESP-ch U14"]
[Site "Salobrena"]
[Date "2020.08.07"]
[Round "7"]
[White "Martin Ramos, Hector"]
[Black "Ano Pla, Gerard"]
[Result "0-1"]
[WhiteElo "1542"]
[BlackElo "2039"]
[PlyCount "48"]
[EventDate "2020.08.03"]
[EventType "swiss"]
[EventRounds "9"]
[EventCountry "ESP"]
[SourceTitle "EXT 2021"]
[Source "ChessBase"]
[SourceDate "2020.10.23"]
[SourceVersion "1"]
[SourceVersionDate "2020.10.23"]
[SourceQuality "1"]

1. e4 c5 2. Nf3 Nc6 3. d4 cxd4 4. Nxd4 Nf6 5. Nc3 e5 6. Ndb5 d6 7. Bg5 a6 8. Na3 b5 9. Bxf6 gxf6 10. Nd5 Bg7 11. g3 Be6 12. Bg2 Rc8 13. c3 0-0 14. Ne3 b4 15. cxb4 Nd4 16. Nac2 Qb6 17. Nxd4 exd4 18. Nf5 Bxf5 19. exf5 Qxb4+ 20. Qd2 Rfe8+ 21. Kd1 Qb5 22. g4 Bh6 23. Bf1 Qc6 24. Qxh6 Qc2# 0-1

[Event "ESP-ch U14"]
[Site "Salobrena"]
[Date "2020.08.04"]
[Round "3"]
[White "Martin Ramos, Hector"]
[Black "Lobo Pereira, Arami"]
[Result "0-1"]
[WhiteElo "1542"]
[BlackElo "1811"]
[PlyCount "34"]
[EventDate "2020.08.03"]
[EventType "swiss"]
[EventRounds "9"]
[EventCountry "ESP"]
[SourceTitle "EXT 2021"]
[Source "ChessBase"]
[SourceDate "2020.10.23"]
[SourceVersion "1"]
[SourceVersionDate "2020.10.23"]
[SourceQuality "1"]

1. e4 c5 2. Nf3 d6 3. d4 cxd4 4. Nxd4 Nf6 5. Nc3 a6 6. Qf3 Qc7 7. Be3 e6 8. g4 h6 9. g5 hxg5 10. Bxg5 Be7 11. Bg2 Nbd7 12. Qg3 Rb8 13. f4 Nc5 14. f5 e5 15. Bxf6 Bxf6 16. Nd5 Qd8 17. Nb3 Bh4 0-1

[Event "Alcorcon Spring op-B 1st"]
[Site "Alcorcon"]
[Date "2019.05.19"]
[Round "8"]
[White "Martin Ramos, Hector"]
[Black "Arribas Lopez, Sara"]
[Result "1-0"]
[WhiteElo "1453"]
[BlackElo "1649"]
[PlyCount "31"]
[EventDate "2019.03.24"]
[EventType "swiss"]
[EventRounds "9"]
[EventCountry "ESP"]
[SourceTitle "EXT 2020"]
[Source "ChessBase"]
[SourceDate "2019.10.17"]
[SourceVersion "1"]
[SourceVersionDate "2019.10.17"]
[SourceQuality "1"]

1. e4 d6 2. d4 e5 3. dxe5 dxe5 4. Qxd8+ Kxd8 5. Bc4 f6 6. Be3 Ne7 7. Nc3 c6 8. 0-0-0+ Kc7 9. f4 Ng6 10. f5 Ne7 11. Nf3 g6 12. g4 h5 13. g5 fxg5 14. Bxg5 gxf5 15. exf5 Nxf5 16. Bd8# 1-0